Auditoria cultural : (Record no. 1497)

MARC details
000 -LÍDER
Campo Fixo de Controle 00824nam a2200241 a 4500
001 - NÚMERO DE CONTROLE
Campo de Controle 1497
003 - IDENTIFICAÇÃO DO NÚMERO DE CONTROLE
Campo de Controle BR-CuiBMT
005 - DATA E HORA DA ÚLTIMA ATUALIZAÇÃO
Campo de Controle 20231212191934.0
008 - DADOS FIXOS
Dados Fixos 231212s2014 peba 000 0 por d
020 ## - INTERNATIONAL STANDARD BOOK NUMBER
Nº do ISBN 9788589019101
040 ## - AGÊNCIA CATALOGADORA
Código da Agência Catalogadora BR-CuiBMT
Agência que transcreveu o registro BR-CuiBMT
080 ## - Nº DA CLASSIFICAÇÃO DECIMAL UNIVERSAL
Nº edição CDU 2007
Nº Class. CDU 351.853
090 ## - NÚMERO DE CHAMADA
Nº classificação 351.853
Cutter F814a
100 1# - ENTRADA PRINCIPAL -- AUTOR PESSOAL
Nome pessoal França, Eduardo
245 10 - TÍTULO PRINCIPAL
Título principal Auditoria cultural :
Subtítulo intervenções em bens culturais afetados por proteção legal /
Indicação de responsabilidade Eduardo França ; José Odilo de Caldas Brandão Filho.
260 ## - PUBLICAÇÃO, DISTRIBUIÇÃO, ETC.
Local de publicação Recife :
Editora Tribunal de Contas do Estado do Pernambuco,
Data 2014.
300 ## - DESCRIÇÃO FÍSICA
N. páginas ou volumes 88 p. :
Ilustrações il. color. ;
Dimensões 25 cm
504 ## - NOTA DE BIBLIOGRAFIA, ETC.
Nota de bibliografia Inclui bibliografia.
650 ## - ASSUNTO TÓPICO
Cabeçalho tópico ou nome geográfico Patrimônio cultural
650 ## - ASSUNTO TÓPICO
Cabeçalho tópico ou nome geográfico Tribunal de Contas
Subdivisão geográfica Pernambuco
700 1# - ENTRADA SECUNDÁRIA -- NOME PESSOAL
Nome pessoal Brandão Filho, José Odilo de Caldas
Datas associadas ao nome 1965-
942 ## - ELEMENTOS DE ENTRADA ADICIONAIS (KOHA)
Fonte de classificação ou esquema de arquivamento Classificação Decimal Universal
Tipo de item do Koha Livros
Holdings
Estado: removido Estado: perdido Fonte de classificação ou esquema de arquivamento Estado: danificado Indisponível para empréstimo Localização permanente Localização atual Data de aquisição Total Checkouts Número de Chamada completo Código de barras Date last seen Número do exemplar Preço efetivo a partir de Tipo de item (Koha)
    Classificação Decimal Universal     Biblioteca da Escola Superior de Contas do TCE/MT Biblioteca da Escola Superior de Contas do TCE/MT 12/12/2023   351.853 F814a BIBTCEMT23120401 12/12/2023 Ex. 1 12/12/2023 Livros

Powered by Koha